000 00456nam a2200193Ia 4500
005 20250603145203.0
008 250603s9999 xx 000 0 und d
020 _a9783690515
050 _aHB 171.5 .R36/
100 _aRano, Shehu U. A.
245 0 _aIntroduction to modern microeconomics
250 _a2nd ed.
260 _aKano
260 _bBenchmark Publishers Limited
260 _c2017
300 _a152 p
650 _aKano
942 _cBK
999 _c41130
_d41130